000
00262nam a2200109Ia 4500
008
201224s9999 xx 000 0 und d
100
_a
Malayala Manorama
245
0
_a
Manorama Yearbook. 1996
260
_a
Kottyam
_b
Malayala Manorama
300
_a
798
942
_c
BK
999
_c
9007
_d
9007